00492 2200193 4500001002100000005001500021008004100036035002000077082001300097084001900110100002200129245001000151250001400161260004000175300004500215650001200260650001500272990001100287INLIS00000000000214920251029014621251029 g 0 eng  a0010-0621001749 aR.704.94 aR.704.94 CRI w0 aCristopher McHugh1 aWater aCetakan 1 aNew York :bThomson Learning,c1992 a32 halaman :bIlustrasi [Warna] ;c25 cm 4aSejarah 4aSeni Lukis a018232